[Event "Turkey IS Bank Super League 2017"]
[Site "Darica-Kocaeli"]
[Date "2017.08.07"]
[Round "13"]
[White "Burcu, Cagatay"]
[Black "Karagollu, Ahmet"]
[Result "1-0"]
[WhiteElo "2263"]
[BlackElo "2083"]
[Annotator "ChessBase"]
[PlyCount "97"]
[EventType "team-tourn"]
[EventCountry "TUR"]
[SourceTitle "playchess.com"]
[Source "ChessBase"]
[SourceQuality "1"]
[TimeControl "40/5400+30:1800+30"]

1. d4 {[%emt 0:01:30]} Nf6 {[%emt 0:01:00]} 2. Nf3 {[%emt 0:00:00]} g6 {[%emt 0:00:30]} 3. c4 {[%emt 0:00:00]} Bg7 {[%emt 0:00:30]} 4. g3 {[%emt 0:00:00]} O-O {[%emt 0:00:30]} 5. Bg2 {[%emt 0:00:00]} d6 {[%emt 0:00:30]} 6. O-O {[%emt 0:00:00]} Nc6 {[%emt 0:01:30]} 7. Nc3 {[%emt 0:00:00]} a6 {[%emt 0:00:30]} 8. Bf4 {[%emt 0:00:30]} Bd7 {[%emt 0:00:00]} 9. Rc1 {[%emt 0:01:30]} Re8 {[%emt 0:00:00]} 10. d5 {[%emt 0:13:30]} Na5 {[%emt 0:03:30]} 11. Nd2 {[%emt 0:05:30]} c5 {[%emt 0:03:30]} 12. dxc6 {[%emt 0:13:30]} Nxc6 {[%emt 0:01:30]} 13. Nd5 {[%emt 0:00:30]} Rc8 {[%emt 0:10:30]} 14. Be3 {[%emt 0:09:30]} Nxd5 {[%emt 0:02:30]} 15. cxd5 {[%emt 0:00:30]} Nd4 {[%emt 0:02:30]} 16. Nc4 {[%emt 0:01:30]} b5 {[%emt 0:18:30]} 17. Bxd4 {[%emt 0:00:30]} bxc4 {[%emt 0:00:30]} 18. Bxg7 {[%emt 0:00:30]} Kxg7 {[%emt 0:00:30]} 19. Qd4+ {[%emt 0:00:30]} Kg8 {[%emt 0:00:30]} 20. Rxc4 {[%emt 0:00:00]} Rxc4 {[%emt 0:00:30]} 21. Qxc4 {[%emt 0:00:00]} Qb6 {[%emt 0:00:30]} 22. b3 {[%emt 0:01:30]} Qa5 {[%emt 0:01:30]} 23. a4 {[%emt 0:06:30]} Rb8 {[%emt 0:04:30]} 24. Be4 {[%emt 0:09:30]} Rb4 {[%emt 0:01:30]} 25. Qc2 {[%emt 0:04:30]} Qb6 {[%emt 0:01:30]} 26. Bd3 {[%emt 0:06:30]} Rxb3 {[%emt 0:00:30]} 27. Bb5 {[%emt 0:02:30]} Rxb5 {[%emt 0:07:30]} 28. axb5 {[%emt 0:00:00]} Bxb5 {[%emt 0:01:30]} 29. Qe4 {[%emt 0:01:00]} Qc7 {[%emt 0:00:30]} 30. h4 {[%emt 0:03:30]} h5 31. Rb1 Kf8 32. Qe3 Kg7 33. Rc1 Qd7 34. Qd4+ Kh7 35. Qe4 Kg7 36. Kg2 Kg8 37. Rc3 Kg7 38. f3 Qb7 39. Re3 Kf8 40. Qd4 Kg8 41. g4 hxg4 42. Qxg4 Qxd5 43. Rxe7 Kf8 44. Re3 Kg7 45. Qb4 Qc4 46. Qb2+ Kh7 47. Qf6 Bd7 48. Re4 Qd5 49. Re7 1-0

[Event "Turkey IS Bank Super League 2017"]
[Site "Darica-Kocaeli"]
[Date "2017.08.06"]
[Round "13"]
[White "Selbes, Tarik"]
[Black "Markus, Robert"]
[Result "1-0"]
[WhiteElo "2260"]
[BlackElo "2672"]
[Annotator "TA"]
[PlyCount "73"]
[EventType "team-tourn"]
[EventCountry "TUR"]
[SourceTitle "playchess.com"]
[Source "ChessBase"]
[SourceQuality "1"]

{[%evp 18,73,4,0,0,0,15,9,20,-31,-25,-16,-27,-27,-35,-30,0,0,0,-27,-40,-31,-7,-4,27,23,134,119,129,127,176,184,148,167,283,185,377,356,667,614,1052,1051,1051,1041,986,950,700,956,947,939,892,907,977,864,6616,5814,5614,5381]} 1. e4 c5 2. Nf3 e6 3. d3 Nc6 4. g3 g6 5. Bg2 Bg7 6. O-O Nge7 7. c3 e5 8. Nbd2 O-O 9. Re1 d6 10. a3 h6 {A04: Unusual lines after 1 Nf3 and King's Indian Attack} 11. b4 {[%cal Bb2b4,Bb4b5][%mdl 32]} Be6 12. b5 (12. Nb3 b6 13. b5 Nb8 14. d4 a6 15. bxa6 exd4 16. cxd4 c4 17. Nbd2 d5 18. Bb2 Nbc6 19. exd5 Bxd5 {0-1 (59) Saric,I (2652)-Ivanisevic,I (2662) Reykjavik 2015}) 12... Na5 {The position is equal.} 13. d4 (13. a4 $11) 13... exd4 $15 14. cxd4 cxd4 15. Rb1 $146 ({Predecessor:} 15. Bb2 Qb6 16. Qa4 Bd7 17. Bf1 a6 18. Bxd4 axb5 19. Bxb6 bxa4 {½-½ (41) Bruehl,A (2306)-Michels,A (2255) Koblenz 2003}) 15... Rc8 16. Rb4 Qb6 17. Bb2 {[%cal Rf3d4] [#]} Rc3 $1 {[%mdl 512]} 18. e5 {[#]} (18. Bxc3 dxc3) 18... dxe5 $1 {[%mdl 512]} 19. Nxe5 Nf5 20. Ndf3 {[%cal Rf3d4]} Bb3 21. Qa1 $36 {[%mdl 2048] aiming for Nd7. White has some pressure.} Rfc8 {[#]} (21... Qc7 $11 {keeps the balance.}) 22. g4 $1 $16 {[%cal Rg4f5]} Bxe5 23. Rxe5 Rxf3 24. Bxf3 Nh4 {[#]} 25. Bh1 $1 Be6 (25... d3 {is a better defense.}) 26. h3 ({But not} 26. Bxd4 $6 Nb3 $18) 26... Qd6 $2 (26... d3 {was necessary.}) 27. Rxd4 $18 Qc7 $2 (27... Qxe5 28. Rd8+ Rxd8 29. Bxe5 Nb3) 28. Qe1 {White is clearly winning.} Nc4 29. Rxe6 {White threatens Rxc4 and mate.} Nxb2 30. Re7 Qc5 31. Rd5 Qc4 32. Re8+ Kh7 33. Rxc8 Qxc8 34. Qd2 Na4 35. Rd8 Qc5 36. Qf4 {[%cal Rf4f7]} Qe7 37. Qd4 {Precision: White = 78%, Black = 16%.} 1-0

[Event "Turkey IS Bank Super League 2017"]
[Site "Darica-Kocaeli"]
[Date "2017.08.06"]
[Round "13"]
[White "Isgandarova, Khayala"]
[Black "Muzychuk, Anna"]
[Result "1/2-1/2"]
[WhiteElo "2257"]
[BlackElo "2572"]
[Annotator "TA"]
[PlyCount "72"]
[EventType "team-tourn"]
[EventCountry "TUR"]
[SourceTitle "playchess.com"]
[Source "ChessBase"]
[SourceQuality "1"]

{[%evp 30,72,26,-6,-4,-16,0,-4,-7,-18,0,0,36,41,14,-14,-12,-17,-19,-30,-18,-25,11,14,25,8,21,0,41,41,30,45,62,44,24,0,1,0,0,0,0,0,0,-15,-13]} 1. e4 e5 2. Nf3 Nc6 3. Bb5 a6 4. Ba4 Nf6 5. O-O Be7 6. Re1 b5 7. Bb3 d6 8. c3 O-O 9. h3 Nd7 10. d4 Bb7 11. Nbd2 exd4 {C92: Closed Ruy Lopez: 9...Be6, Karpov and Flohr-Zaitsev Variations} 12. cxd4 Bf6 13. Nf1 Na5 14. Bc2 Re8 15. Ng3 g6 16. b3 {LiveBook: 9 Games} c5 $1 17. Bb2 Rc8 18. Qd2 Nc6 19. Rad1 cxd4 20. Bb1 $146 d3 21. Bxf6 Qxf6 22. Qxd3 Nde5 23. Nxe5 dxe5 24. Ne2 Red8 25. Qe3 Nd4 26. Nxd4 exd4 27. Qd2 Rc3 28. Bd3 (28. e5 $5 {[%cal Re5f6]} Qh4 29. Bd3 $11) 28... Qc6 29. f4 a5 30. Qf2 a4 31. bxa4 bxa4 32. e5 Bc8 {The position is equal.} 33. f5 Bxf5 34. Bxf5 gxf5 35. Qxf5 Qg6 36. Qf6 Qxf6 {Precision: White = 50%, Black = 60%.} 1/2-1/2

[Event "Turkey IS Bank Super League 2017"]
[Site "Darica-Kocaeli"]
[Date "2017.08.07"]
[Round "13"]
[White "Avramidou, Anastasia"]
[Black "Sade, Defne"]
[Result "1-0"]
[WhiteElo "2247"]
[BlackElo "1654"]
[Annotator "TA"]
[PlyCount "97"]
[EventType "team-tourn"]
[EventCountry "TUR"]
[SourceTitle "playchess.com"]
[Source "ChessBase"]
[SourceQuality "1"]

{[%evp 13,97,2,5,7,5,12,26,7,22,22,18,-12,117,127,141,12,12,0,0,0,16,0,0,0,0,0,0,-33,-41,-22,0,-8,0,-14,10,0,56,47,50,0,37,20,30,21,25,25,51,41,150,92,210,218,462,500,633,630,565,566,475,498,436,421,29975,29976,29975,29974,12839,5285,29973,29969,29979,29980,29979,29981,29981,29982,29982,29983,29983,29984,29986,29987,29987,29988,29988,29989]} 1. d4 d5 2. c4 c6 3. Nf3 Nf6 4. Nc3 dxc4 5. a4 Bf5 6. Nh4 Bg4 7. h3 Bh5 8. g4 {D17: Slav Defence: 5 a4 Bf5: Lines with 6 Nh4 and 6 Ne5} Bg6 $1 9. Nxg6 (9. Bg2 Na6 10. g5 Nd5 11. e4 Ndb4 12. O-O Nd3 13. Be3 e5 14. dxe5 Bc5 15. Qe2 Qb6 {0-1 (39) Sethuraman,S (2656)-Sasikiran,K (2639) Benasque 2016}) 9... hxg6 10. e4 {[%cal Be2e4,Be4e5][%mdl 32] White has an edge.} e6 (10... e5 $5) 11. Bxc4 Bb4 12. e5 Ne4 (12... Nd5 $11 13. Qd3 Nd7) 13. Qd3 $16 Qa5 {[%cal Re4c3]} 14. Qxe4 (14. O-O $1 $16 Nxc3 15. bxc3 Bxc3 16. Rb1) 14... Bxc3+ $11 15. Kf1 Bb4 $146 ({Predecessor:} 15... Bd2) 16. Bg5 Be7 17. Bxe7 Kxe7 18. Kg2 Nd7 19. Qe3 Qb4 20. Qg5+ Kf8 21. b3 Nb6 22. Rhc1 Qe7 23. Qf4 Rd8 24. a5 Nxc4 (24... Nc8 $1 $11) 25. bxc4 $14 f5 26. Rab1 {[%cal Ba1b1,Bb1b3,Bb3b7][%mdl 32]} (26. exf6 $5 Qxf6 27. Qg3 $14) 26... Kf7 27. Rb3 {Rcb1 is the strong threat.} (27. Rc3 $5 {[%cal Rc3b3]}) 27... Rd7 28. Rcb1 $36 {[%mdl 2048] Black must now prevent d5. White is more active.} Rhd8 29. d5 cxd5 30. cxd5 Rxd5 (30... exd5 $14 31. gxf5 gxf5) 31. Rxb7 $16 R8d7 (31... R5d7 $16 {might work better.} 32. a6 Qc5) 32. a6 $1 $18 Qa3 $2 {[#]} (32... Kg8 33. Qc4 Kh7) 33. Qc4 $1 Qd3 34. Qxd3 Rxd3 35. Rxd7+ Rxd7 {[%mdl 4096] Endgame KR-KR} 36. Rb7 Ke7 37. Kg3 Kd8 {[#]} (37... g5 $18 38. gxf5 exf5) 38. Rxd7+ $1 Kxd7 {KP-KP} 39. Kf4 Kc6 40. Kg5 Kd5 41. Kxg6 {White mates.} fxg4 42. hxg4 Kxe5 43. Kxg7 {K3P-KPP} Kf4 44. Kf6 Kxg4 45. Kxe6 Kf3 46. Kd5 Kxf2 47. Kc6 Ke3 48. Kb7 Kd4 49. Kxa7 {Precision: White = 69%, Black = 30%.} 1-0

[Event "Turkey IS Bank Super League 2017"]
[Site "Darica-Kocaeli"]
[Date "2017.08.06"]
[Round "13"]
[White "Topak, Engin"]
[Black "Secer, Ata"]
[Result "1/2-1/2"]
[WhiteElo "2192"]
[BlackElo "2301"]
[Annotator "TA"]
[PlyCount "61"]
[EventType "team-tourn"]
[EventCountry "TUR"]
[SourceTitle "playchess.com"]
[Source "ChessBase"]
[SourceQuality "1"]

{[%evp 18,61,16,12,37,26,26,26,26,26,28,26,26,26,31,26,33,33,33,33,33,33,33,33,33,26,26,26,49,48,56,56,56,56,56,56,56,49,56,56,56,56,56,56,71,0]} 1. c4 c6 2. Nf3 d5 3. e3 Nf6 4. Nc3 a6 5. d4 b5 6. b3 Bg4 7. Qc2 {D15: Slav Defence: 4 Nc3 a6 and gambit lines after 4 Nc3 dxc4} (7. a4 bxc4 8. bxc4 Nbd7 9. a5 e5 10. Be2 Bxf3 11. Bxf3 Bb4 12. Bd2 O-O 13. O-O dxc4 14. Qe2 exd4 15. exd4 Bxa5 16. Qxc4 {1-0 (44) Ding,L (2759)-Svidler,P (2741) Shenzhen 2017}) 7... Bxf3 8. gxf3 Nbd7 9. f4 e6 10. c5 {LiveBook: 12 Games} Be7 11. Bd3 a5 $146 ({Predecessor:} 11... g6 12. Ne2 Nh5 13. Ng1 Ng7 14. Nf3 Nf5 {1-0 (55) Kunin,V (2494)-Krivoborodov,E (2503) Schwarzach 2012}) 12. a4 b4 13. Ne2 g6 14. Bd2 Nh5 15. O-O-O Ndf6 16. f3 Ng7 17. e4 Qd7 18. Rhg1 Nfh5 19. Be3 f5 20. e5 Kf7 21. Rg2 Rag8 22. Ng1 Qd8 23. Nh3 Ke8 24. Rdg1 Kf7 25. Kb1 Ke8 26. Ka2 Kd7 27. Bf1 Rf8 28. Kb1 Rhg8 29. Qe2 Rh8 30. Kc2 Rhg8 31. Kb1 {Precision: White = 73%, Black = 66%.} (31. Ng5 $16 Rh8 32. Qa6) 1/2-1/2

[Event "Turkey IS Bank Super League 2017"]
[Site "Darica-Kocaeli"]
[Date "2017.08.06"]
[Round "13"]
[White "Yelken, Mustafa"]
[Black "Akcan, Umit"]
[Result "1/2-1/2"]
[WhiteElo "2171"]
[BlackElo "1951"]
[Annotator "NA"]
[PlyCount "97"]
[EventType "team-tourn"]
[EventCountry "TUR"]
[SourceTitle "playchess.com"]
[Source "ChessBase"]
[SourceQuality "1"]
[TimeControl "40/5400+30:1800+30"]

1. e4 {[%emt 0:00:30]} e6 {[%emt 0:02:00]} 2. d4 {[%emt 0:00:30]} d5 {[%emt 0:00:00]} 3. Nc3 {[%emt 0:00:30]} Bb4 {[%emt 0:01:00]} 4. Nge2 {[%emt 0:01:30]} dxe4 {[%emt 0:02:30]} 5. a3 {[%emt 0:00:30]} Be7 {[%emt 0:01:30]} 6. Nxe4 {[%emt 0:00:30]} Nf6 {[%emt 0:00:30]} 7. N2g3 {[%emt 0:00:00]} O-O {[%emt 0:01:30]} 8. c3 {[%emt 0:07:00]} Nxe4 {[%emt 0:00:30]} 9. Nxe4 {[%emt 0:00:30]} Qd5 {[%emt 0:00:00]} 10. Qf3 {[%emt 0:04:30]} f5 {[%emt 0:02:00]} 11. Nd2 {[%emt 0:01:30]} c5 {[%emt 0:00:30]} 12. Bc4 {[%emt 0:03:30]} Qxf3 {[%emt 0:01:30]} 13. Nxf3 {[%emt 0:00:30]} Nc6 {[%emt 0:00:30] [#]} 14. dxc5 $1 {[%emt 0:01:30]} Bxc5 {[%emt 0:00:30]} 15. O-O {[%emt 0:13:30]} h6 {[%emt 0:11:30]} 16. h4 {[%emt 0:13:30]} Bd6 {[%emt 0:04:30]} 17. Be3 {[%emt 0:11:30]} Rd8 $16 {[%emt 0:05:30]} 18. Rfe1 {[%emt 0:09:30]} Kh7 {[%emt 0:00:30]} 19. Bd4 {[%emt 0:06:30]} Nxd4 {[%emt 0:05:30]} 20. Nxd4 {[%emt 0:00:30]} e5 {[%emt 0:00:30]} 21. Nb5 {[%emt 0:00:30]} Bb8 {[%emt 0:00:30]} 22. Rad1 {[%emt 0:01:30]} Rd7 {[%emt 0:04:30]} 23. Rxd7 {[%emt 0:00:30]} Bxd7 {[%emt 0:00:30]} 24. Rd1 {[%emt 0:06:21]} Bxb5 {[%emt 0:00:00]} 25. Bxb5 {[%emt 0:01:32]} e4 {[%emt 0:06:00]} 26. Rd7 {[%emt 0:02:34]} a6 {[%emt 0:01:30]} 27. Bc4 {[%emt 0:00:30]} b5 {[%emt 0:00:30]} 28. Bd5 {[%emt 0:00:30]} Ra7 {[%emt 0:00:30]} 29. Bb7 {[%emt 0:00:30]} Kg6 {[%emt 0:05:30]} 30. b3 {[%emt 0:11:42]} a5 {[%emt 0:00:30]} 31. a4 {[%emt 0:00:30]} bxa4 {[%emt 0:00:30]} 32. bxa4 {[%emt 0:00:30]} Be5 {[%emt 0:00:30]} 33. c4 {[%emt 0:00:30]} Bd4 {[%emt 0:00:30]} 34. Kf1 {[%emt 0:00:49]} Kf6 {[%emt 0:07:30]} 35. Rc7 {[%emt 0:00:30]} Ke6 {[%emt 0:00:00]} 36. Bd5+ {[%emt 0:00:00]} Ke5 {[%emt 0:00:00]} 37. Rc8 {[%emt 0:00:00]} Re7 {[%emt 0:00:00]} 38. Ke2 {[%emt 0:00:00]} f4 {[%emt 0:00:00]} 39. Rb8 {[%emt 0:00:00]} Kd6 {[%emt 0:00:00]} 40. Rb5 {[%emt 0:00:00]} Bc3 {[%emt 0:21:00]} 41. Ba8 {[%emt 0:06:32]} Re5 {[%emt 0:02:30]} 42. Bd5 {[%emt 0:08:24]} e3 {[%emt 0:00:30]} 43. fxe3 {[%emt 0:02:34]} Rxe3+ {[%emt 0:03:30]} 44. Kd1 {[%emt 0:00:30]} Bb4 {[%emt 0:00:30]} 45. Rb7 {[%emt 0:00:30]} Re7 {[%emt 0:01:30]} 46. Rb8 {[%emt 0:02:38]} Re1+ {[%emt 0:00:30]} 47. Kc2 {[%emt 0:00:30]} Re2+ {[%emt 0:00:30]} 48. Kd3 {[%emt 0:00:09]} Re3+ {[%emt 0:00:30]} 49. Kd4 {[%emt 0:00:26]} 1/2-1/2

[Event "Turkey IS Bank Super League 2017"]
[Site "Darica-Kocaeli"]
[Date "2017.08.07"]
[Round "13"]
[White "Bozbey, Ali"]
[Black "Tuncer, Tuna"]
[Result "0-1"]
[WhiteElo "2139"]
[BlackElo "2274"]
[Annotator "ChessBase"]
[PlyCount "100"]
[EventType "team-tourn"]
[EventCountry "TUR"]
[SourceTitle "playchess.com"]
[Source "ChessBase"]
[SourceQuality "1"]
[TimeControl "40/5400+30:1800+30"]

1. e4 {[%emt 0:00:30]} c5 {[%emt 0:01:00]} 2. Nc3 {[%emt 0:00:30]} a6 {[%emt 0:00:30]} 3. Nf3 {[%emt 0:01:30]} d6 {[%emt 0:00:30]} 4. d4 {[%emt 0:00:30]} cxd4 {[%emt 0:00:30]} 5. Nxd4 {[%emt 0:00:00]} Nf6 {[%emt 0:00:30]} 6. Bg5 {[%emt 0:00:00]} Nbd7 {[%emt 0:00:00]} 7. f4 {[%emt 0:04:30]} Qc7 {[%emt 0:00:00]} 8. Qf3 {[%emt 0:00:30]} h6 {[%emt 0:12:30]} 9. Bxf6 {[%emt 0:07:30]} Nxf6 {[%emt 0:00:30]} 10. h3 {[%emt 0:00:30]} e6 {[%emt 0:06:30]} 11. O-O-O {[%emt 0:01:30]} Be7 {[%emt 0:02:30]} 12. g4 {[%emt 0:02:30]} b5 {[%emt 0:09:30]} 13. Rg1 {[%emt 0:15:30]} Nd7 {[%emt 0:06:30]} 14. Kb1 {[%emt 0:11:30]} Bb7 {[%emt 0:01:30]} 15. f5 {[%emt 0:04:30]} e5 {[%emt 0:05:30]} 16. Nb3 {[%emt 0:01:30]} Rc8 {[%emt 0:05:30]} 17. Rg2 {[%emt 0:00:30]} Nb6 {[%emt 0:03:30]} 18. Bd3 {[%emt 0:05:30]} O-O {[%emt 0:07:30]} 19. g5 {[%emt 0:05:30]} Bxg5 {[%emt 0:10:30]} 20. f6 {[%emt 0:00:00]} Qd8 {[%emt 0:09:03]} 21. fxg7 {[%emt 0:01:00]} Re8 {[%emt 0:00:01]} 22. Nd5 {[%emt 0:03:30]} Bxd5 {[%emt 0:03:31]} 23. exd5 {[%emt 0:00:00]} e4 {[%emt 0:00:04]} 24. Bxe4 {[%emt 0:00:00]} Qf6 {[%emt 0:00:33]} 25. Qd3 {[%emt 0:01:30]} Nc4 {[%emt 0:02:30]} 26. Nd4 {[%emt 0:00:30]} Nd2+ {[%emt 0:04:53]} 27. Rgxd2 {[%emt 0:08:30]} Bxd2 {[%emt 0:00:30]} 28. Rg1 {[%emt 0:00:00]} Bg5 {[%emt 0:02:46]} 29. h4 {[%emt 0:00:00]} Qf2 {[%emt 0:00:25]} 30. Nf3 {[%emt 0:00:00]} Rc4 {[%emt 0:01:28]} 31. Bh7+ {[%emt 0:01:00]} Kxg7 {[%emt 0:00:30]} 32. Rf1 {[%emt 0:00:00]} Qg3 {[%emt 0:03:02]} 33. hxg5 {[%emt 0:00:00]} hxg5 {[%emt 0:00:13]} 34. Rd1 {[%emt 0:05:30]} g4 {[%emt 0:00:36]} 35. b3 {[%emt 0:01:30]} Rf4 {[%emt 0:01:08]} 36. Ne1 {[%emt 0:02:49]} Re3 {[%emt 0:00:39]} 37. Qd2 {[%emt 0:00:34]} Kxh7 {[%emt 0:00:56]} 38. Ng2 {[%emt 0:00:04]} Rfe4 {[%emt 0:00:58]} 39. Nxe3 {[%emt 0:00:18]} Rxe3 {[%emt 0:00:14]} 40. Rh1+ {[%emt 0:00:00]} Kg6 {[%emt 0:01:30]} 41. Kb2 {[%emt 0:07:15]} Qe5+ {[%emt 0:04:30]} 42. Ka3 {[%emt 0:00:30]} g3 {[%emt 0:05:30]} 43. Rh4 {[%emt 0:03:30]} Qg5 {[%emt 0:06:01]} 44. Qd4 {[%emt 0:00:30]} g2 {[%emt 0:00:56]} 45. Qh8 {[%emt 0:02:30]} g1=Q {[%emt 0:03:34]} 46. Qg8+ {[%emt 0:00:30]} Kf6 {[%emt 0:00:06]} 47. Qd8+ {[%emt 0:01:30]} Re7 {[%emt 0:00:15]} 48. Qh8+ {[%emt 0:00:30]} Qg7 {[%emt 0:00:38]} 49. Rh6+ {[%emt 0:00:30]} Ke5 {[%emt 0:00:50]} 50. Rh5+ {[%emt 0:00:30]} f5 {[%emt 0:00:16]} 0-1

[Event "Turkey IS Bank Super League 2017"]
[Site "Darica-Kocaeli"]
[Date "2017.08.06"]
[Round "13"]
[White "Ererdem, Gani Eren"]
[Black "Sevgi, Volkan"]
[Result "1-0"]
[WhiteElo "2090"]
[BlackElo "2199"]
[Annotator "NA"]
[PlyCount "81"]
[EventType "team-tourn"]
[EventCountry "TUR"]
[SourceTitle "playchess.com"]
[Source "ChessBase"]
[SourceQuality "1"]
[TimeControl "40/5400+30:1800+30"]

1. d4 {[%emt 0:00:30]} d5 {[%emt 0:02:00]} 2. Nf3 {[%emt 0:01:30]} c6 {[%emt 0:00:30]} 3. c4 {[%emt 0:01:30]} e6 {[%emt 0:00:30]} 4. g3 {[%emt 0:12:30]} f5 {[%emt 0:01:30]} 5. Bg2 {[%emt 0:00:30]} Nf6 {[%emt 0:00:30]} 6. O-O {[%emt 0:00:30]} Bd6 {[%emt 0:00:00] LiveBook: 2481 Games} 7. Bf4 {[%emt 0:04:30]} O-O {[%emt 0:01:00]} 8. Nbd2 {[%emt 0:08:30] A90: Dutch Defence: Miscellaneous and Modern Stonewall (with ...Bd6)} (8. Bxd6 Qxd6 9. Nbd2 Nbd7 10. Qc2 b6 11. Rac1 Ba6 12. Rfd1 Ne4 13. e3 Bb7 14. Ne1 g5 15. Nd3 Rac8 16. b4 Ba6 17. c5 Bxd3 18. Qxd3 bxc5 19. bxc5 {0-1 (41) Shyam,S (2534)-McDonald,N (2418) London 2013}) 8... b6 {[%emt 0:03:30]} 9. Rc1 {[%emt 0:05:30]} Bb7 {[%emt 0:02:30]} 10. Bxd6 {[%emt 0:04:30]} Qxd6 {[%emt 0:00:30]} 11. Ne5 {[%emt 0:00:30]} Nbd7 {[%emt 0:04:30]} 12. Ndf3 {[%emt 0:01:30]} c5 $146 {[%emt 0:10:30]} ({Find the theoretical novelty and annotate with similar games:} 12... Rac8 13. Nxd7 Nxd7 14. Qa4 {0-1 (40) Feofanov,A (1904)-Shulajakov,A Kemerovo 2012}) 13. Qa4 {[%emt 0:06:30]} cxd4 {[%emt 0:16:30]} 14. Nxd7 {[%emt 0:00:30]} Nxd7 {[%emt 0:00:30]} 15. Nxd4 {[%emt 0:01:30]} Nc5 {[%emt 0:00:30]} 16. Qb4 {[%emt 0:10:30]} f4 {[%emt 0:02:30]} 17. Rcd1 {[%emt 0:05:30]} Rad8 {[%emt 0:17:30]} 18. Nb5 {[%emt 0:06:30]} Qe7 {[%emt 0:01:30]} 19. Nxa7 {[%emt 0:12:40]} d4 $16 {[%emt 0:00:30]} (19... Ra8 $11 20. Nb5 (20. Qxb6 Na4 $15) 20... Ra4) 20. Qxb6 {[%emt 0:03:14]} Rb8 {[%emt 0:08:30]} 21. Bxb7 {[%emt 0:04:15]} Rxb7 {[%emt 0:02:30]} 22. Nc6 {[%emt 0:00:05]} Rxb6 {[%emt 0:17:35]} 23. Nxe7+ {[%emt 0:00:30]} Kf7 {[%emt 0:00:00]} 24. b4 {[%emt 0:00:00]} Na4 {[%emt 0:04:56]} 25. c5 {[%emt 0:00:29]} Rxb4 {[%emt 0:01:47]} 26. Nc6 {[%emt 0:00:35]} Rb5 {[%emt 0:00:24]} 27. Rxd4 {[%emt 0:01:37]} Nc3 {[%emt 0:00:17]} 28. Rxf4+ {[%emt 0:01:52]} Ke8 {[%emt 0:00:30]} 29. Rxf8+ {[%emt 0:00:30]} Kxf8 {[%emt 0:00:30]} 30. Nd4 {[%emt 0:00:00]} Ra5 {[%emt 0:00:00]} 31. Nxe6+ {[%emt 0:03:40]} Ke7 {[%emt 0:00:24]} 32. Nd4 {[%emt 0:00:17]} Ra4 {[%emt 0:01:19]} 33. e3 {[%emt 0:01:40]} Rxa2 {[%emt 0:00:19]} 34. Rc1 {[%emt 0:01:02]} Nd5 {[%emt 0:00:30]} 35. c6 {[%emt 0:00:30]} Nc7 {[%emt 0:00:30]} 36. Rb1 {[%emt 0:00:30]} Ra5 {[%emt 0:00:00]} 37. Rb7 {[%emt 0:00:27]} Kd6 {[%emt 0:00:04]} 38. Rb8 {[%emt 0:00:00]} Ke7 {[%emt 0:00:18]} 39. Rg8 {[%emt 0:00:12]} Ne8 {[%emt 0:01:41]} 40. c7 {[%emt 0:00:00]} Rc5 {[%emt 0:01:26]} 41. Nb5 {[%emt 0:03:25]} 1-0